<?xml version="1.0" encoding="UTF-8"?>
<marc:record xmlns:marc="http://www.loc.gov/MARC21/slim">
   <marc:leader>00000nam a2200000 a 4500</marc:leader>
   <marc:datafield ind1="1" ind2=" " tag="100">
      <marc:subfield code="a">Kälberer, Günther</marc:subfield>
      <marc:subfield code="4">aut</marc:subfield>
      <marc:subfield code="e">Verfasser/-in</marc:subfield>
   </marc:datafield>
   <marc:datafield ind1=" " ind2=" " tag="653">
      <marc:subfield code="a">Grund- und weiterführende Schulen</marc:subfield>
   </marc:datafield>
   <marc:datafield ind1="0" ind2="0" tag="245">
      <marc:subfield code="a">Architekturgeschichte in Modellen</marc:subfield>
   </marc:datafield>
   <marc:datafield ind1="0" ind2="0" tag="245">
      <marc:subfield code="b">Gestaltungsvorschläge zum Verständnis der Baugeschichte im Kunst- und Werkunterricht ; Sekundarstufe I und II ; mit Kopiervorlagen</marc:subfield>
   </marc:datafield>
   <marc:datafield ind1="0" ind2="0" tag="245">
      <marc:subfield code="c">Günther Kälberer</marc:subfield>
   </marc:datafield>
   <marc:datafield ind1=" " ind2="1" tag="264">
      <marc:subfield code="a">Augsburg</marc:subfield>
      <marc:subfield code="b">Brigg Pädagogik</marc:subfield>
      <marc:subfield code="c">2012</marc:subfield>
   </marc:datafield>
   <marc:datafield ind1=" " ind2=" " tag="250">
      <marc:subfield code="a">1. Aufl.</marc:subfield>
   </marc:datafield>
   <marc:datafield ind1="1" ind2=" " tag="520">
      <marc:subfield code="a">Angaben aus der Verlagsmeldung

Architekturgeschichte in Modellen : Gestaltungsvorschläge zum Verständnis der Baugeschichte im Kunst- und Werkunterricht / von Günther Kälberer

Praktische Unterrichtseinheiten zur Baugeschichte mit anschaulichen Modellen und konkreten Arbeitsaufträgen!

Um Schülerinnen und Schülern der Sekundarstufe I und II die Geschichte der Architektur näherzubringen, eignet sich der Modellbau hervorragend. Anhand praktischer Arbeitsvorschläge werden sie zur tätigen Auseinandersetzung mit den in den verschiedenen Stunden angeschnittenen Problemen motiviert.

Zunächst stellt der Autor prägnante Bauwerke von der Frühzeit bis zur Gegenwart vor und zeigt die baugeschichtliche Entwicklung daran auf. An Modellen kann diese Entwicklung dann von der Klasse praktisch nachvollzogen werden. Für den Modellbau können dabei meist Werkmaterialien
verwendet werden, die ohne Aufwand zu beschaffen und zu bearbeiten sind bzw. die ohnehin für den Werkunterricht in der Schule zur Verfügung stehen.

Zum besseren Verständnis liefert der Band im Anhang alle notwendigen Risse und Detailzeichnungen als Kopiervorlagen. Sie dienen den Schülerinnen und Schülern als Gedächtnisstütze und lassen sich zu einem fortlaufenden baugeschichtlichen Handexemplar zusammenfügen.

Mit vielen Farbabbildungen und Fotos der behandelten Bauwerke sowie wichtigen Hinweisen auf historische Daten zur besseren Einbindung in den Ablauf der Allgemeingeschichte.
</marc:subfield>
   </marc:datafield>
   <marc:datafield ind1=" " ind2=" " tag="020">
      <marc:subfield code="a">9783871018268</marc:subfield>
      <marc:subfield code="9">9783871018268</marc:subfield>
   </marc:datafield>
   <marc:datafield ind1=" " ind2=" " tag="020">
      <marc:subfield code="a">3871018260</marc:subfield>
      <marc:subfield code="9">3871018260</marc:subfield>
   </marc:datafield>
   <marc:datafield ind1=" " ind2=" " tag="041">
      <marc:subfield code="a">ger</marc:subfield>
   </marc:datafield>
   <marc:datafield ind1=" " ind2=" " tag="300">
      <marc:subfield code="a">158 S.</marc:subfield>
   </marc:datafield>
</marc:record>
